000 00480nam a2200169Ia 4500
003 GCL
008 140319s9999 xx 000 0 ara d
040 _aGCL /
_cGCL
082 0 4 _aط
_b813.088
_bا ا
100 1 _aاسماء صلاح الدين
245 1 0 _aاذكياء القضاة /
_cاسماء صلاح الدين
490 _aاطفالنا
_v0
650 0 4 _aالاطفال
650 0 4 _aقصص الاطفال
650 0 4 _aالقصص الدينية
942 _2ddc
_cBK
999 _c38969
_d38969